Lorsque les dieux faisaient l'homme : mythologie mesotamienne
Αποθηκεύτηκε σε:
| Κύριος συγγραφέας: | |
|---|---|
| Άλλοι συγγραφείς: | |
| Μορφή: | Βιβλίο |
| Γλώσσα: | French |
| Δημοσίευση: |
Paris :
Gallimard,
1989
|
| Σειρά: | Bibliotheque des histoires
|
| Θέματα: | |
| Ετικέτες: |
Προσθήκη ετικέτας
Δεν υπάρχουν, Καταχωρήστε ετικέτα πρώτοι!
|
MARC
| LEADER | 00000nam a2200000 i 4500 | ||
|---|---|---|---|
| 001 | 1/2745 | ||
| 008 | 960227s1989 fre d | ||
| 020 | |a 2-07-071382-2 | ||
| 035 | |l 10014972 | ||
| 040 | |a GR-MY-UA |b gre |e aacr | ||
| 041 | 0 | |a fre | |
| 082 | 0 | |a 291.8 | |
| 100 | 1 | |a Bottero, Jean. | |
| 245 | 1 | 0 | |a Lorsque les dieux faisaient l'homme : |b mythologie mesotamienne / |c Jean Bottero |
| 260 | |a Paris : |b Gallimard, |c 1989 | ||
| 300 | |a 755p. | ||
| 490 | 1 | |a Bibliotheque des histoires | |
| 650 | 0 | 0 | |a Mythology, Assyro-Babylonian. |
| 700 | 1 | |a Kramer, Noah Samuel. | |
| 830 | 0 | |a Bibliotheque des histoires | |
| 852 | |a INST |b LESVOS |e 19960227 |h 291.8 ΒΟΤ |p 005100007202 |q 005100007202 |t BK |y 0 | ||
| 909 | |a Λ |b 033999 | ||
| 922 | |a 1ΔΩΡ |b 199312 |c ΤΚΑ | ||